Financial Crises in Emerging Markets : (Record no. 2138)
[ view plain ]
| 000 -LEADER | |
|---|---|
| fixed length control field | 01088nac a22002411u 4500 |
| 090 ## - LOCALLY ASSIGNED LC-TYPE CALL NUMBER (OCLC); LOCAL CALL NUMBER (OCLC) | |
| -- | 2138 |
| 008 - FIXED-LENGTH DATA ELEMENTS--GENERAL INFORMATION | |
| fixed length control field | 090201t2000 xxu||||| |||| 00| 0 eng d |
| 010 ## - LIBRARY OF CONGRESS CONTROL NUMBER | |
| LC control number | 99059157 |
| 020 ## - INTERNATIONAL STANDARD BOOK NUMBER | |
| International Standard Book Number | 0300082304 (alk. paper) |
| 082 00 - DEWEY DECIMAL CLASSIFICATION NUMBER | |
| Classification number | 332 |
| Item number | LAM |
| 100 ## - MAIN ENTRY--PERSONAL NAME | |
| Personal name | Lamfalussy, Alexandre. |
| 245 10 - TITLE STATEMENT | |
| Title | Financial Crises in Emerging Markets : |
| Remainder of title | An Essay on Financial Globalisation and Fragility / |
| Statement of responsibility, etc | Alexandre Lamfalussy. |
| 260 ## - PUBLICATION, DISTRIBUTION, ETC. (IMPRINT) | |
| Place of publication, distribution, etc | New Haven, [Conn.] : |
| Name of publisher, distributor, etc | Yale University Press, |
| Date of publication, distribution, etc | c2000. |
| 300 ## - PHYSICAL DESCRIPTION | |
| Extent | xx, 199 p. : |
| Other physical details | ill. ; |
| Dimensions | 22 cm. |
| 490 1# - Series Statement | |
| Series statement | Henry L. Stimson lectures |
| 504 ## - BIBLIOGRAPHY, ETC. NOTE | |
| Bibliography, etc | Includes bibliographical references (p. 183-184) and index. |
| 650 #0 - SUBJECT ADDED ENTRY--TOPICAL TERM | |
| Topical term or geographic name as entry element | Business cycles. |
| 650 #0 - SUBJECT ADDED ENTRY--TOPICAL TERM | |
| Topical term or geographic name as entry element | Financial crises. |
| 830 #0 - SERIES ADDED ENTRY--UNIFORM TITLE | |
| Uniform title | Henry L. Stimson lectures, Yale University. |
| 942 ## - ADDED ENTRY ELEMENTS (KOHA) | |
| Item type | Book - Borrowing |
| Call number prefix | 332LAM |
| Source of classification or shelving scheme | Dewey Decimal Classification |
| Withdrawn status | Item status | Source of classification or shelving scheme | Damaged status | Not for loan | Vendor | Home library | Current library | Shelving location | Date acquired | Source of acquisition | Total Checkouts | Full call number | Barcode | Date last seen | Date last borrowed | Cost, replacement price | Koha item type | Materials specified (bound volume or other part) | Cost, normal purchase price | Serial Enumeration / chronology | Total Renewals |
|---|---|---|---|---|---|---|---|---|---|---|---|---|---|---|---|---|---|---|---|---|---|
| Dewey Decimal Classification | unknown | Central Library | Central Library | First floor | 07/02/2012 | 1 | 332 LAM | 000002228 | 15/07/2025 | 24/09/2008 | 123.80 | Book - Borrowing | |||||||||
| Dewey Decimal Classification | Alahram | Central Library | Central Library | First floor | 01/02/2009 | 1 | 332 LAM | 000014508 | 15/07/2025 | 09/03/2016 | Book - Borrowing | Lost_In_Inventory_11-6-2024 | 123.80 | 06395 | 7 |